000 01437nam a2200373 a 4500
001 000115054
003 CHAP
005 20220329144512.0
008 180913s2018 mx a sm |||||||spa d
010 _a111515
011 _a112487
040 _cCHAP
090 _aTesis
100 1 _aOrozco Sosa, Nanci.
_9135870
245 1 0 _aEvaluación del desarrollo de las plántulas del maguey micropropagadas, aplicando bioestimulantes en su fase de aclimatación, bajo invernadero /
_h[En línea]
_cpor Nanci Orozco Sosa.
260 _aChapingo, Méx. :
_bEl autor,
_c2018.
500 _aPara ver el contenido del material haga clic en la liga
502 _aTesis (Ing. Agr. Esp. en Zonas Tropicales) -- UACH. Centro Regional Universitario Sur
590 _aBATCH-UPD
_b10
_c20190603
_lUCH01
_h1157
590 _aE11695DGD
_b10
_c20190603
_lUCH01
_h1156
590 _aE8697GMM
_b05
_c20180913
_lUCH01
_h1323
590 _aE8697GMM
_b05
_c20180913
_lUCH01
_h1337
590 _aE8697GMM
_b05
_c20181130
_lUCH01
_h1019
590 _aE8697GMM
_b05
_c20190515
_lUCH01
_h1532
650 1 4 _aAgave
_xPropagacion.
_91088
650 1 4 _aCultivos en invernadero.
_930376
650 1 4 _aMicropropagación.
_975532
650 1 4 _aPlantas
_xCrecimiento
_xAditivos.
_988804
650 1 4 _aPlantas
_xCrecimiento
_xEstimulantes.
_988808
856 _aFinding aid
_uhttp://10.13.5.2/tesis/sist115054.pdf
_zTeclea aquí
901 _aBK
942 _cTESIS
942 _n0
999 _c111515
_d111515